| 000 | 00862cam a22002654a 4500 | ||
|---|---|---|---|
| 999 |
_c24513 _d24513 |
||
| 001 | 12103059 | ||
| 003 | OSt | ||
| 005 | 20210217105157.0 | ||
| 008 | 000711s2000 waua 001 0 eng | ||
| 010 | _a 00059281 | ||
| 020 | _a0735610517 | ||
| 040 |
_aMMU _cMMU _dMMU _bEng |
||
| 042 | _apcc | ||
| 050 | 0 | 0 |
_aQA76.9.C55 _bM532 2000 |
| 082 | 0 | 0 |
_a005.75/85 _221 |
| 245 | 0 | 0 |
_aMicrosoft SQL Server 2000 administrator's companion / _cMarci Frohock Garcia ... [et al.]. |
| 260 |
_aRedmond, WA : _bMicrosoft Press, _c2000. |
||
| 300 |
_axxix, 1131 p. : _bill. ; _c25 cm. + _e1 CD-ROM (4 3/4 in.) |
||
| 630 | 0 | 0 | _aSQL server. |
| 650 | 0 | _aClient/server computing. | |
| 650 | 0 | _aRelational databases. | |
| 700 | 1 | _aGarcia, Marcilina S. | |
| 856 | 4 | 2 |
_3Publisher description _uhttp://www.loc.gov/catdir/enhancements/fy1004/00059281-d.html |
| 942 |
_2lcc _cLOAN LOAN |
||